000 00467nam a2200181Ia 4500
008 230524s9999 xx 000 0 und d
020 _a9788120329683
082 _a4.33
_bMIS
100 _aK.L.P.Mishra
245 0 _a"Theory of Computer Science (Automata, Language & Computation)"
250 _a2ND
260 _aNEW DELHI
_bPHI
_c2005
300 _aIV;301
500 _aQuantity Number: 84
650 _aComp-Sc
700 _a N.Chandrasekaran
942 _cBK
999 _c30436
_d30436